000 00339nam a2200133Ia 4500
008 240624s9999 xx 000 0 und d
041 _aeng
082 _a658.4092 SIN
100 _aSINGH KAMAL
245 _aBEST OF THE BEST INSIGHTS FROM LEADING I
260 _c2005
_aNew Delhi
_bExcel Books
300 _av, : 191p. ; 21cm.
365 _cRS
999 _c3708
_d3708